000 01251nam0a22002411 4500
001 rc\4441663
005 20250611173840.0
035 _a(NLR Aleph) 008315448
090 _a8723967
_c8723967
100 _a20130416d1964 |||y0rusy50 ca
101 0 _arus
102 _aRU
105 _ay z |||||
200 1 _aИзносостойкость деталей пусковых двигателей ПД-10М и методика стендовых ускоренных износных испытаний
_fТезисы сообщ. канд. техн. наук М.П. Зубиетовой на семинаре "Увеличение долговечности тракторов, дизелей и запасных частей. (ВДНХ, февр. 1964 г.)
_gГос. ком. автотракторного и с.-х. машиностроения при Госплане СССР. Гос. союзный науч.-исслед. тракторный ин-т НАТИ
210 _aМосква
_cБ. и.
_d1964
215 _a[1] с.
_d29
300 _aОтпеч. множит. аппаратом
700 1 _aЗубиетова
_bМ.П.
801 0 _aRU
_bNLR
_gpsbo
801 1 _aRU
_bELAR
_2rusmarc
852 _aNLR
_j64-8/688
942 _cBOOK
980 _aNB